000 00336 a2200109 4500
001 ART_7866
005 20260410161638.0
008 260409a
245 1 0 _aNuevos controles y regulaciones sobre fideicomisos
100 1 _aCalcagno, Gabriel A
773 0 _tConsultor tributario
_g- Vol. 2, NÂș 15 (may. 2008)
_wREV474
999 _c13085
_d13085